[Event "Valasska Bystrice op 11th"]
[Site "Valasska Bystrice"]
[Date "2019.09.09"]
[Round "4"]
[White "Glacner, Karel"]
[Black "Sudolsky, Jan"]
[Result "1/2-1/2"]
[WhiteElo "1515"]
[BlackElo "1426"]
[PlyCount "88"]
[EventDate "2019.09.07"]
[EventType "swiss"]
[EventRounds "9"]
[EventCountry "CZE"]
[SourceTitle "EXT 2020"]
[Source "ChessBase"]
[SourceDate "2019.10.17"]
[SourceVersion "1"]
[SourceVersionDate "2019.10.17"]
[SourceQuality "1"]

1. e4 e6 2. f4 d5 3. e5 c5 4. Bb5+ Bd7 5. Qe2 a6 6. Bxd7+ Qxd7 7. b3 Nc6 8. c3 d4 9. Qd3 0-0-0 10. Nf3 dxc3 11. Qxd7+ Rxd7 12. dxc3 Be7 13. 0-0 f5 14. a3 Nh6 15. Bd2 Rhd8 16. Ra2 Nf7 17. Rb2 h6 18. g3 g5 19. c4 g4 20. Ne1 h5 21. b4 h4 22. b5 Nd4 23. bxa6 bxa6 24. Rf2 hxg3 25. hxg3 Rh8 26. Bc3 Nf3+ 27. Nxf3 gxf3 28. Nd2 Nh6 29. Rh2 Rd3 30. Rb3 Bf8 31. Ba5 Rxb3 32. Nxb3 Rg8 33. Be1 Ng4 34. Rh7 Ne3 35. Nd2 Ng2 36. Nxf3 Nxf4 37. Kf2 Nd3+ 38. Ke2 Nxe1 39. Nxe1 Bg7 40. Nd3 a5 41. Nf4 Bxe5 42. Ra7 Rxg3 43. Nxe6 Rxa3 44. Nxc5 f4 1/2-1/2

[Event "Valasska Bystrice op"]
[Site "Valasska Bystrice"]
[Date "2017.09.14"]
[Round "7"]
[White "Bambusek, Vladislav"]
[Black "Sudolsky, Jan"]
[Result "1-0"]
[WhiteElo "1623"]
[BlackElo "1475"]
[PlyCount "107"]
[EventDate "2017.09.09"]
[EventType "swiss"]
[EventRounds "9"]
[EventCountry "CZE"]
[SourceTitle "CBM 180 Extra"]
[Source "ChessBase"]
[SourceDate "2017.10.06"]
[SourceVersion "1"]
[SourceVersionDate "2017.10.06"]
[SourceQuality "1"]

1. d4 d5 2. Nf3 e6 3. Bf4 c6 4. e3 c5 5. c3 c4 6. Qc2 Bd6 7. Bg3 Nf6 8. Nbd2 0-0 9. 0-0-0 Qa5 10. Kb1 b5 11. Bxd6 Rd8 12. Bb4 Qc7 13. h3 a5 14. Bc5 Nbd7 15. e4 Nxc5 16. dxc5 Qxc5 17. e5 Nd7 18. Nd4 Nxe5 19. f4 Nc6 20. Nxc6 Qxc6 21. Nf3 f6 22. Qd2 Qd6 23. Nd4 Qc5 24. Nc2 e5 25. fxe5 fxe5 26. Qe3 Qe7 27. g4 b4 28. Na1 bxc3 29. Qxc3 Bb7 30. Be2 Rdc8 31. Rhe1 Kh8 32. Bf1 e4 33. Nc2 Rf8 34. Nd4 a4 35. a3 Bc8 36. Nc6 Qb7 37. Nb4 Rf3 38. Re3 Qf7 39. Rxf3 exf3 40. Nxd5 Be6 41. Nb4 Qg6+ 42. Ka1 Qe4 43. Qd4 Qxd4 44. Rxd4 Rc8 45. Rf4 c3 46. bxc3 Rxc3 47. Kb2 Rb3+ 48. Kc2 Rxa3 49. Bd3 g5 50. Rxf3 Bc4 51. Rf8+ Kg7 52. Rd8 Bf7 53. Rd7 Ra1 54. Bc4 1-0

[Event "Valasska Bystrice op"]
[Site "Valasska Bystrice"]
[Date "2015.09.15"]
[Round "5"]
[White "Feix, Jiri"]
[Black "Sudolsky, Jan"]
[Result "1-0"]
[WhiteElo "1235"]
[BlackElo "1583"]
[PlyCount "65"]
[EventDate "2015.09.12"]
[EventType "swiss"]
[EventRounds "9"]
[EventCountry "CZE"]
[SourceTitle "EXT 2016"]
[Source "ChessBase"]
[SourceDate "2015.10.08"]
[SourceVersion "1"]
[SourceVersionDate "2015.10.08"]
[SourceQuality "1"]

1. e4 e6 2. Nf3 d5 3. Nc3 d4 4. Ne2 c5 5. c4 Bd7 6. Ne5 Nf6 7. Nxd7 Qxd7 8. d3 e5 9. Bg5 Be7 10. Bxf6 Bxf6 11. Ng3 Bd8 12. a3 Ba5+ 13. Ke2 0-0 14. f3 Na6 15. Kf2 Nc7 16. Rb1 Qe7 17. Nf5 Qg5 18. b4 g6 19. h4 Qf6 20. Nh6+ Kg7 21. Qd2 Qb6 22. Be2 cxb4 23. axb4 Bxb4 24. Rxb4 Qa5 25. Ng4 Kh8 26. h5 Ne6 27. g3 f5 28. hxg6 fxg4 29. Rxh7+ Kg8 30. Qh6 Rxf3+ 31. Kg2 Nf4+ 32. gxf4 Rg3+ 33. Kxg3 1-0

[Event "Orlova op-A 12th"]
[Site "Orlova"]
[Date "2015.05.28"]
[Round "5"]
[White "Havelka, Ondrej"]
[Black "Sudolsky, Jan"]
[Result "1-0"]
[WhiteElo "1805"]
[BlackElo "1553"]
[PlyCount "46"]
[EventDate "2015.05.24"]
[EventType "swiss"]
[EventRounds "9"]
[EventCountry "CZE"]
[SourceTitle "CBM 166 Extra"]
[Source "ChessBase"]
[SourceDate "2015.06.18"]
[SourceVersion "1"]
[SourceVersionDate "2015.06.18"]
[SourceQuality "1"]

1. d4 Nf6 2. c4 e6 3. Nc3 Bb4 4. e3 b6 5. Nge2 Bb7 6. a3 Bxc3+ 7. Nxc3 0-0 8. Bd3 d5 9. 0-0 Nbd7 10. cxd5 Nxd5 11. e4 Nxc3 12. bxc3 e5 13. f4 exd4 14. cxd4 Qc8 15. Qc2 g6 16. Bb2 a5 17. f5 Ba6 18. f6 Bxd3 19. Qxd3 Qd8 20. d5 Kh8 21. Qe3 Qe8 22. Rf3 Rg8 23. Rh3 h5 1-0

[Event "Valasska Bystrice op"]
[Site "Valasska Bystrice"]
[Date "2014.09.20"]
[Round "9"]
[White "Chlevistan, Jaromir"]
[Black "Sudolsky, Jan"]
[Result "0-1"]
[WhiteElo "1577"]
[BlackElo "1561"]
[PlyCount "102"]
[EventDate "2014.09.13"]
[EventType "swiss"]
[EventRounds "9"]
[EventCountry "CZE"]
[SourceTitle "CBM 162 Extra"]
[Source "ChessBase"]
[SourceDate "2014.10.17"]
[SourceVersion "1"]
[SourceVersionDate "2014.10.17"]
[SourceQuality "1"]

1. d4 Nf6 2. Nf3 g6 3. b3 Bg7 4. Bb2 d5 5. e3 Bg4 6. Be2 e6 7. 0-0 Nbd7 8. Nbd2 0-0 9. Rc1 Re8 10. c4 c6 11. h3 Bf5 12. Ne5 Nxe5 13. dxe5 Nd7 14. g4 Be4 15. f3 Qh4 16. Kg2 Bf5 17. gxf5 Qg5+ 18. Kf2 Qh4+ 19. Kg2 Qg5+ 20. Kh2 Qxe3 21. f4 Bh6 22. Rf3 Bxf4+ 23. Kg2 Qxd2 24. Qxd2 Bxd2 25. Rc2 Ba5 26. fxe6 fxe6 27. Bd3 Bc7 28. cxd5 exd5 29. Rcf2 Rf8 30. e6 Rxf3 31. Rxf3 Ne5 32. Bxe5 Bxe5 33. Re3 Bf6 34. Kf3 Be7 35. Kg4 Rf8 36. Rf3 Rxf3 37. Kxf3 Kg7 38. Kf4 Kf6 39. h4 Kxe6 40. h5 g5+ 41. Kg4 h6 42. Bf5+ Ke5 43. Bc8 b6 44. Bb7 c5 45. Bxd5 Kxd5 46. Kf5 Bf8 47. Kf6 g4 48. Kf7 g3 49. Kxf8 g2 50. Kg7 g1Q+ 51. Kxh6 Ke6 0-1

[Event "Valasska Bystrice op"]
[Site "Valasska Bystrice"]
[Date "2014.09.15"]
[Round "4"]
[White "Sudolsky, Jan"]
[Black "Rucka, Jiri"]
[Result "1/2-1/2"]
[WhiteElo "1561"]
[BlackElo "1544"]
[PlyCount "57"]
[EventDate "2014.09.13"]
[EventType "swiss"]
[EventRounds "9"]
[EventCountry "CZE"]
[SourceTitle "CBM 162 Extra"]
[Source "ChessBase"]
[SourceDate "2014.10.17"]
[SourceVersion "1"]
[SourceVersionDate "2014.10.17"]
[SourceQuality "1"]

1. Nf3 Nf6 2. c4 g6 3. Nc3 Bg7 4. d4 0-0 5. e4 d6 6. Be2 e5 7. dxe5 dxe5 8. Qxd8 Rxd8 9. Nxe5 Nxe4 10. Nxe4 Bxe5 11. Rb1 Bf5 12. Bf3 Nc6 13. g4 Be6 14. b3 Nd4 15. Bd1 b6 16. Bg5 Rf8 17. Nf6+ Kg7 18. Ne4 f5 19. f4 fxe4 20. fxe5 Rf7 21. Bf6+ Kg8 22. h3 Raf8 23. 0-0 Bd7 24. Rb2 Nc6 25. Re1 Re8 26. Rbe2 Nxe5 27. Bxe5 Rxe5 28. Rxe4 Rxe4 29. Rxe4 1/2-1/2

[Event "Valasska Bystrice op"]
[Site "Valasska Bystrice"]
[Date "2014.09.14"]
[Round "3"]
[White "Biza, Miroslav"]
[Black "Sudolsky, Jan"]
[Result "1-0"]
[WhiteElo "1709"]
[BlackElo "1561"]
[PlyCount "89"]
[EventDate "2014.09.13"]
[EventType "swiss"]
[EventRounds "9"]
[EventCountry "CZE"]
[SourceTitle "CBM 162 Extra"]
[Source "ChessBase"]
[SourceDate "2014.10.17"]
[SourceVersion "1"]
[SourceVersionDate "2014.10.17"]
[SourceQuality "1"]

1. d4 d5 2. Nf3 e6 3. c4 Nf6 4. Bg5 Be7 5. e3 h6 6. Bh4 Bd7 7. Nc3 0-0 8. Bxf6 Bxf6 9. cxd5 exd5 10. Nxd5 Bc6 11. Nxf6+ Qxf6 12. Be2 Rd8 13. 0-0 Nd7 14. Qc2 Bxf3 15. Bxf3 c6 16. b4 Nf8 17. a4 Rac8 18. Rac1 Qd6 19. Qc5 Qxc5 20. dxc5 f5 21. Rfd1 g5 22. Rxd8 Rxd8 23. Rd1 Rxd1+ 24. Bxd1 Kf7 25. f3 Ng6 26. Bc2 Kf6 27. Kf2 Ne7 28. Bb3 Ke5 29. Ke2 Ng6 30. g3 f4 31. Kd3 Ne7 32. e4 b6 33. cxb6 axb6 34. a5 Nc8 35. g4 b5 36. Bf7 Kf6 37. Be8 Na7 38. Kd4 Ke7 39. Bg6 Kd8 40. Bf5 Kc7 41. Kc5 Nc8 42. Bxc8 Kxc8 43. Kxc6 h5 44. h3 hxg4 45. hxg4 1-0

[Event "Valasska Bystrice op"]
[Site "Valasska Bystrice"]
[Date "2014.09.14"]
[Round "2"]
[White "Sudolsky, Jan"]
[Black "Parak, Frantisek"]
[Result "1/2-1/2"]
[WhiteElo "1561"]
[BlackElo "1739"]
[PlyCount "52"]
[EventDate "2014.09.13"]
[EventType "swiss"]
[EventRounds "9"]
[EventCountry "CZE"]
[SourceTitle "CBM 162 Extra"]
[Source "ChessBase"]
[SourceDate "2014.10.17"]
[SourceVersion "1"]
[SourceVersionDate "2014.10.17"]
[SourceQuality "1"]

1. Nf3 Nf6 2. c4 e6 3. Nc3 d5 4. cxd5 exd5 5. e3 c6 6. Be2 Bd6 7. d4 0-0 8. Qc2 Re8 9. Bd2 Nbd7 10. Bd3 h6 11. 0-0 Nf8 12. Rac1 Bg4 13. Ne1 Rc8 14. f3 Bh5 15. Bf5 Bg6 16. Bxg6 Nxg6 17. Nd3 Qc7 18. f4 Qd7 19. Qd1 Qf5 20. Ne5 Ne4 21. Nxe4 Qxe4 22. Nxg6 Qxg6 23. Rf3 Qh5 24. Qb3 Rc7 25. Qd3 Rce7 26. Rh3 Qg6 1/2-1/2

[Event "Ostrava Seniors op"]
[Site "Ostrava"]
[Date "2014.05.02"]
[Round "7"]
[White "Sudolsky, Jan"]
[Black "Bebek, Ivan"]
[Result "1-0"]
[WhiteElo "1546"]
[BlackElo "1375"]
[PlyCount "73"]
[EventDate "2014.04.26"]
[EventType "swiss"]
[EventRounds "9"]
[EventCountry "CZE"]
[SourceTitle "CBM 160 Extra"]
[Source "ChessBase"]
[SourceDate "2014.07.01"]
[SourceVersion "1"]
[SourceVersionDate "2014.07.01"]
[SourceQuality "1"]

1. Nf3 Nf6 2. c4 e6 3. e3 b6 4. b3 Bb7 5. Bb2 Be7 6. Nc3 0-0 7. d4 Bb4 8. Bd3 d5 9. 0-0 Bd6 10. Nb5 Be7 11. Rc1 c5 12. dxc5 bxc5 13. Be5 a6 14. Nc7 Ra7 15. cxd5 Bxd5 16. Nxd5 Qxd5 17. Qc2 Nc6 18. Bxf6 gxf6 19. Bxh7+ Kh8 20. Be4 Qd7 21. Rfd1 Qc7 22. b4 f5 23. Bxc6 Qxc6 24. Qb2+ f6 25. bxc5 Rg8 26. Ne1 Raa8 27. Qb6 Rxg2+ 28. Nxg2 Qf3 29. Rd4 e5 30. Rh4+ Kg7 31. Qc7 Re8 32. Qd7 Qa8 33. c6 Kf7 34. Rh7+ Kf8 35. Rh8+ Kf7 36. Qxe8+ Qxe8 37. Rxe8 1-0

[Event "Ostrava Seniors op"]
[Site "Ostrava"]
[Date "2014.04.28"]
[Round "3"]
[White "Sumbera, Antonin"]
[Black "Sudolsky, Jan"]
[Result "1/2-1/2"]
[WhiteElo "1671"]
[BlackElo "1546"]
[PlyCount "58"]
[EventDate "2014.04.26"]
[EventType "swiss"]
[EventRounds "9"]
[EventCountry "CZE"]
[SourceTitle "CBM 160 Extra"]
[Source "ChessBase"]
[SourceDate "2014.07.01"]
[SourceVersion "1"]
[SourceVersionDate "2014.07.01"]
[SourceQuality "1"]

1. e4 e6 2. d4 d5 3. exd5 exd5 4. h3 Be7 5. Nf3 Nf6 6. c4 b6 7. Nc3 c6 8. Bd3 dxc4 9. Bxc4 b5 10. Bb3 b4 11. Ne2 a5 12. Ba4 0-0 13. 0-0 Nd5 14. Ne5 Bb7 15. Qc2 Qc7 16. Be3 c5 17. Rfc1 Nxe3 18. fxe3 f6 19. Qc4+ Kh8 20. Nf7+ Rxf7 21. Qxf7 Nc6 22. Rxc5 Rf8 23. Qxf8+ Bxf8 24. Rxc6 Bxc6 25. Rc1 Qe7 26. Rxc6 Qxe3+ 27. Kh1 Qxe2 28. Rc1 g6 29. Rc6 Qe3 1/2-1/2

[Event "Ostrava Konik op-C"]
[Site "Ostrava"]
[Date "2011.05.08"]
[Round "9"]
[White "Sudolsky, Jan"]
[Black "Hyl, Miroslav"]
[Result "1-0"]
[WhiteElo "1661"]
[BlackElo "1535"]
[PlyCount "77"]
[EventDate "2011.04.30"]
[EventType "swiss"]
[EventRounds "9"]
[EventCountry "CZE"]
[SourceTitle "CBM 142 Extra"]
[Source "ChessBase"]
[SourceDate "2011.06.27"]
[SourceVersion "1"]
[SourceVersionDate "2011.06.27"]
[SourceQuality "1"]

1. Nf3 Nf6 2. b3 d5 3. Bb2 e6 4. e3 c5 5. Be2 Nbd7 6. 0-0 Bd6 7. d4 0-0 8. dxc5 Bxc5 9. Ba3 Bxa3 10. Nxa3 a6 11. c4 Qe7 12. Nc2 dxc4 13. Bxc4 Nb6 14. Qe2 Nxc4 15. Qxc4 b5 16. Qe2 Bb7 17. Rad1 Ne4 18. Qe1 Rac8 19. Qb4 Qxb4 20. Nxb4 Nc3 21. Rd2 a5 22. Nd3 Rfd8 23. Nde1 Rxd2 24. Nxd2 Nxa2 25. Nef3 Nc3 26. Ra1 Ra8 27. Kf1 Ne4 28. Rc1 Nf6 29. Ne5 g6 30. Rc7 Ra7 31. f3 Ne8 32. Rd7 a4 33. bxa4 bxa4 34. Ke2 a3 35. Nb3 a2 36. Na1 Ra5 37. Nxf7 Rb5 38. Nh6+ Kf8 39. Rf7# 1-0

[Event "Ostrava Konik op-C"]
[Site "Ostrava"]
[Date "2011.05.05"]
[Round "6"]
[White "Sudolsky, Jan"]
[Black "Tretina, Zdenek"]
[Result "0-1"]
[WhiteElo "1661"]
[BlackElo "1819"]
[PlyCount "112"]
[EventDate "2011.04.30"]
[EventType "swiss"]
[EventRounds "9"]
[EventCountry "CZE"]
[SourceTitle "CBM 142 Extra"]
[Source "ChessBase"]
[SourceDate "2011.06.27"]
[SourceVersion "1"]
[SourceVersionDate "2011.06.27"]
[SourceQuality "1"]

1. Nf3 d5 2. d4 Nf6 3. Bg5 Nbd7 4. e3 e6 5. Bd3 a6 6. 0-0 Be7 7. c4 dxc4 8. Bxc4 b5 9. Bd3 Bb7 10. Nbd2 c5 11. b3 cxd4 12. Nxd4 0-0 13. Rc1 Rc8 14. Rxc8 Qxc8 15. Qc2 Qa8 16. f3 Rc8 17. Qb1 h6 18. Bxf6 Bxf6 19. Ne2 Qa7 20. Kf2 Nc5 21. Rc1 Bg5 22. f4 Bf6 23. Bh7+ Kh8 24. b4 Nd7 25. Rxc8+ Bxc8 26. Be4 Qc7 27. Qc1 Qxc1 28. Nxc1 Bc3 29. Ndb3 Bxb4 30. Nd4 Nf6 31. Bf3 Nd5 32. Nc6 Bc5 33. Bxd5 exd5 34. Nd3 Bd6 35. Nde5 Kg8 36. Ke2 f6 37. Ng6 Kf7 38. Nh4 g5 39. fxg5 fxg5 40. Nf3 Kf6 41. g3 Bf5 42. Kd2 Bb1 43. a4 bxa4 44. Kc1 Be4 45. Nfd4 Bc5 46. Kb2 Kg6 47. Nb8 Bxd4+ 48. exd4 Bd3 49. Nd7 Kf5 50. Nb6 Ke4 51. Nxa4 Kxd4 52. Nb6 Bc4 53. Nd7 Ke3 54. Ne5 h5 55. Kc3 Bb5 56. h3 d4+ 0-1

[Event "Ostrava Konik op-C"]
[Site "Ostrava"]
[Date "2011.05.01"]
[Round "2"]
[White "Petrov, Bogoljub"]
[Black "Sudolsky, Jan"]
[Result "1/2-1/2"]
[WhiteElo "1911"]
[BlackElo "1661"]
[PlyCount "58"]
[EventDate "2011.04.30"]
[EventType "swiss"]
[EventRounds "9"]
[EventCountry "CZE"]
[SourceTitle "CBM 142 Extra"]
[Source "ChessBase"]
[SourceDate "2011.06.27"]
[SourceVersion "1"]
[SourceVersionDate "2011.06.27"]
[SourceQuality "1"]

1. e4 e6 2. d4 d5 3. Nd2 c5 4. c3 Nf6 5. e5 Nfd7 6. Bd3 cxd4 7. cxd4 Nc6 8. Ngf3 Be7 9. h4 Qb6 10. Nb3 a5 11. a4 Bb4+ 12. Kf1 f6 13. Bf4 fxe5 14. dxe5 0-0 15. Be3 Qc7 16. Bxh7+ Kh8 17. Ng5 Qxe5 18. Qh5 Nf6 19. Qe2 Nxh7 20. Qh5 Qf5 21. g4 Qd3+ 22. Kg2 Bd7 23. Rhd1 Be8 24. Rxd3 Bxh5 25. gxh5 Rf6 26. Nc5 Bxc5 27. Bxc5 Nxg5 28. hxg5 Rf5 29. Rg3 d4 1/2-1/2

[Event "Ostrava op"]
[Site "Ostrava"]
[Date "2009.05.09"]
[Round "8"]
[White "Kramolis, Pavel"]
[Black "Sudolsky, Jan"]
[Result "1/2-1/2"]
[WhiteElo "1770"]
[BlackElo "1630"]
[PlyCount "144"]
[EventDate "2009.05.02"]
[EventType "swiss"]
[EventRounds "9"]
[EventCountry "CZE"]
[SourceTitle "EXT 2011"]
[Source "ChessBase"]
[SourceDate "2010.11.26"]
[SourceVersion "1"]
[SourceVersionDate "2010.11.26"]
[SourceQuality "1"]

1. e4 e5 2. Nc3 Nf6 3. f4 d6 4. Nf3 Bg4 5. Bc4 c6 6. 0-0 Nbd7 7. d3 b5 8. Bb3 Nc5 9. Qe1 Bxf3 10. Rxf3 Ng4 11. Qg3 Nxb3 12. Qxg4 h5 13. Qg3 Nd4 14. Rf2 h4 15. Qe3 Qd7 16. fxe5 dxe5 17. Qg5 f6 18. Qg6+ Qf7 19. Qxf7+ Kxf7 20. Be3 Bc5 21. Nd1 Rag8 22. Rc1 g5 23. c3 Ne6 24. Bxc5 Nxc5 25. Rf3 g4 26. Re3 Rd8 27. d4 exd4 28. cxd4 Rxd4 29. Nf2 g3 30. Rxc5 gxf2+ 31. Kxf2 Rd2+ 32. Re2 Rxe2+ 33. Kxe2 Rc8 34. Rh5 Rg8 35. Kf3 a5 36. Rxh4 Rd8 37. Ke3 Rd1 38. Rf4 Ke6 39. h4 Rh1 40. g3 Rh2 41. Rf2 Rh1 42. Rc2 Kd6 43. Kf4 Rf1+ 44. Kg4 Re1 45. Kf3 Rf1+ 46. Rf2 Rd1 47. h5 Ke5 48. Ke3 Re1+ 49. Kf3 Rh1 50. g4 Rh3+ 51. Kg2 Re3 52. Rf5+ Ke6 53. Rc5 Re2+ 54. Kf3 Rxb2 55. Rxc6+ Kf7 56. Rc7+ Kg8 57. Rc6 Kf7 58. Rc5 a4 59. e5 fxe5 60. Rxe5 b4 61. Rf5+ Kg8 62. Rb5 b3 63. Rb8+ Kf7 64. a3 Ra2 65. h6 Rxa3 66. h7 b2+ 67. Kg2 Ra2 68. Kh3 Ra1 69. Rxb2 Rh1+ 70. Kg3 Rxh7 71. Ra2 Rh1 72. Rxa4 Kg6 1/2-1/2